000
00337 a2200157 4500
001
46754
020
_a
9788526264397
040
_c
Anchieta - Aquarius
100
_a
Somper, Justin
240
1
0
_a
=O Segredo da pirĂ¢mide
_l
por
245
1
0
_a
=O Segredo da pirĂ¢mide
300
_a
362
0
_a
2006
650
4
_a
Romance
942
_c
BK
999
_c
46754
_d
46754